ICU- Phoebe Bridgers Lyrics - Statistics

General Stats
  • This quiz has been taken 157 times
  • The average score is 165 of 183
Answer Stats
Answer % Correct
I
100%
see
100%
a
99%
the
99%
to
99%
when
99%
you
99%
it
97%
can
96%
her
96%
she
96%
your
96%
don't
95%
feel
95%
hate
95%
how
95%
It's
95%
know
95%
me
95%
mom
95%
mouth
95%
much
95%
open
95%
what
95%
about
94%
amazing
94%
But
94%
opens
94%
play
94%
say
94%
something
94%
talking
94%
and
92%
get
92%
in
92%
now
91%
of
91%
you're
91%
drums
89%
I'm
89%
art
87%
can't
87%
even
87%
strokes
87%
work
87%
be
86%
brush
86%
close
86%
on
86%
stand
86%
standing
86%
Then
86%
too
86%
out
85%
down
84%
lawn
84%
loud
84%
thinking
84%
up
84%
house
82%
last
82%
Laying
82%
my
82%
this
82%
time
82%
trying
82%
used
82%
want
82%
feeling
81%
good
81%
light
81%
tired
81%
It'll
80%
until
78%
whenever
78%
fuck
77%
If
77%
I've
76%
been
75%
dead
75%
I'll
75%
life
75%
playing
75%
whole
73%
feels
72%
leave
72%
right
72%
wide
72%
'Cause
71%
Let
66%
again
65%
window
65%
climb
63%
not
63%
through
63%
dystopian
57%
pour
51%
No matching quizzes found
Score Distribution
Percent of People with Each Score
Percentile by Number Answered
Your Score History
You have not taken this quiz